BSOP header

History of Christianity [videorecording] / (Record no. 41345)

MARC details
000 -LEADER
fixed length control field 02083cgm a2200385Ia 4500
001 - CONTROL NUMBER
control field 61709903
003 - CONTROL NUMBER IDENTIFIER
control field OSt
005 - DATE AND TIME OF LATEST TRANSACTION
control field 20190829135702.0
007 - PHYSICAL DESCRIPTION FIXED FIELD--GENERAL INFORMATION
fixed length control field vd cvaiz-
008 - FIXED-LENGTH DATA ELEMENTS--GENERAL INFORMATION
fixed length control field 050926t20051998alu180 vleng d
020 ## - INTERNATIONAL STANDARD BOOK NUMBER
International Standard Book Number 9789710470082
024 10 - OTHER STANDARD IDENTIFIER
Standard number or code 727985007946
028 42 - PUBLISHER NUMBER
Publisher number 500794D
Source Gateway Films/Vision Video
041 ## - LANGUAGE CODE
Language code of text/sound track or separate title English
100 ## - MAIN ENTRY--PERSONAL NAME
Personal name George, Timothy (presenter)
245 00 - TITLE STATEMENT
Title History of Christianity [videorecording] /
Statement of responsibility, etc produced by Samford University and the Beeson Divinity School ; developed and hosted by Timothy George.
260 ## - PUBLICATION, DISTRIBUTION, ETC. (IMPRINT)
Place of publication, distribution, etc [Birmingham, Ala.] :
Name of publisher, distributor, etc Samford University ;
Place of publication, distribution, etc Worcester, PA :
Name of publisher, distributor, etc distributed by Gateway Films/Vision Video,
Date of publication, distribution, etc [2005], c1998.
300 ## - PHYSICAL DESCRIPTION
Extent 1 videodisc (180 min.) :
Other physical details sd., col. ;
Dimensions 4 3/4 in.
500 ## - GENERAL NOTE
General note "PDFs included on the DVD : 48 p. leader's guide with background information and discussion questions ; 48 p. student workbook ; scripts for each of the six programs."--Container
505 00 - FORMATTED CONTENTS NOTE
Title 1: The history of Christianity : the early church --
-- 2. The church in the Middle Ages : the quest for order in Medieval Christendom --
Miscellaneous information
Title 3. The Reformation : division and renewal between Medieval and Modern times --
-- 4. The age of reason and piety : the church in early Modern times --
-- 5. City set on a hill : Christianity in the New World --
-- 6. Christian movement in an age of uncertainty.
508 ## - CREATION/PRODUCTION CREDITS NOTE
Creation/production credits note Executive producers, John W. Harris, Gregg S. Morrison ; producers, Mona Hurlbert Fisher and Maria Demeshkina Meek.
511 0# - PARTICIPANT OR PERFORMER NOTE
Participant or performer note Narrated by Ken Osborne; hosted by Timothy George.
520 ## - SUMMARY, ETC.
Summary, etc A six-part overview of the Christian Church, designed to introduce the viewer to its fascinating and perplexing 2,000-year history.
538 ## - SYSTEM DETAILS NOTE
System details note DVD ; coded for all regions.
650 #0 - SUBJECT ADDED ENTRY--TOPICAL TERM
Topical term or geographic name as entry element Church history.
700 1# - ADDED ENTRY--PERSONAL NAME
Personal name George, Timothy.
700 1# - ADDED ENTRY--PERSONAL NAME
Personal name Osborne, Ken.
700 1# - ADDED ENTRY--PERSONAL NAME
Personal name Fisher, Mona Hurlbert.
700 1# - ADDED ENTRY--PERSONAL NAME
Personal name Meek, Maria Demeshkina.
710 2# - ADDED ENTRY--CORPORATE NAME
Corporate name or jurisdiction name as entry element Samford University.
710 2# - ADDED ENTRY--CORPORATE NAME
Corporate name or jurisdiction name as entry element Beeson Divinity School.
710 2# - ADDED ENTRY--CORPORATE NAME
Corporate name or jurisdiction name as entry element Gateway Films.
710 2# - ADDED ENTRY--CORPORATE NAME
Corporate name or jurisdiction name as entry element Vision Video (Firm)
942 ## - ADDED ENTRY ELEMENTS (KOHA)
Source of classification or shelving scheme Library of Congress Classification
Item type DVD
Holdings
Withdrawn status Lost status Source of classification or shelving scheme Damaged status Not for loan Home library Current library Shelving location Date acquired Source of acquisition Cost, normal purchase price Inventory number Total Checkouts Full call number Barcode Date last seen Cost, replacement price Price effective from Koha item type
    Library of Congress Classification     BSOP Library BSOP Library DVD 07/31/2007 CLC bookstore 300.00 VT-3135   BR145.2 H57 2005 00057148 04/12/2018 300.00 07/31/2007 DVD
BSOP

Biblical Seminary of the Philippines
  All rights Reserved
  © 2024

CONTACT INFORMATION

Biblical Seminary of the Philippines,
  77-B Karuhatan Road, Valenzuela City,
  PHILIPPINES 1441
  Phone: +632 8292-6795 / 8292-6798
  Fax : +632 8292-6675
  Email: library@bsop.edu.ph